The Ultimate Country Elimination! - Statistics

General Stats
  • This quiz has been taken 211 times
  • The average score is 28 of 71
Answer Stats
Countries that are landlocked % Correct
Bolivia
73%
Kazakhstan
69%
Mongolia
69%
Austria
67%
Chad
65%
Liechtenstein
65%
Paraguay
63%
Uzbekistan
63%
Andorra
62%
Niger
61%
Switzerland
61%
Mali
59%
Tajikistan
58%
Central African Republic
57%
Hungary
57%
Kyrgyzstan
57%
Luxembourg
57%
South Sudan
57%
Turkmenistan
57%
Slovakia
56%
Czech Republic
55%
Serbia
55%
Belarus
54%
Lesotho
53%
Rwanda
52%
Vatican City
52%
Bhutan
51%
Nepal
51%
San Marino
51%
Uganda
50%
Afghanistan
49%
Ethiopia
49%
Botswana
47%
Burundi
47%
Zambia
47%
Eswatini
44%
Kosovo
44%
Moldova
44%
Armenia
42%
Burkina Faso
42%
Malawi
42%
North Macedonia
42%
Zimbabwe
41%
Laos
39%
Azerbaijan
32%
Andorra2
25%
Bolivia2
22%
Austria2
21%
Rwanda2
21%
Botswana2
18%
Mongolia2
18%
Ethiopia2
17%
Zambia2
16%
Botswana3
15%
Rwanda3
15%
Serbia2
15%
Uganda2
15%
Armenia2
14%
Slovakia2
14%
Botswana4
13%
Ethiopia3
13%
North Macedonia2
12%
Uganda3
12%
Botswana5
11%
Moldova2
10%
Rwanda4
10%
Rwanda5
10%
Uganda4
10%
Zambia3
10%
Botswana6
9%
Zambia4
9%
No matching quizzes found
Score Distribution
Percent of People with Each Score
Percentile by Number Answered
Your Score History
You have not taken this quiz